Anger leads to trouble

Bibliographic Details
Main Author: Kumara Velu
Other Authors: Ridzuan Amin
Format: Book
Published: Selangor : Fine Tune Publications , 2020
Series:Smart social media user media
Subjects:

MARC

LEADER 00000cam a2200000 7i4500
001 0000278555
005 20200921151012.0
020 |a 9789670946429 
090 0 0 |a JF   |b KUM 
100 0 |a Kumara Velu 
245 1 0 |a Anger leads to trouble   |c Kumara Velu; illustrated by Ridzuan Amin 
260 |a Selangor :   |b Fine Tune Publications ,   |c 2020 
300 |a 53p. ;   |c 19cm. 
490 0 |a Smart social media user media 
650 0 |a Children's stories 
700 0 |a Ridzuan Amin 
999 |a 00384733   |b BUKU   |c PINJAMAN   |e PERPUSTAKAAN KOMUNITI PETALING JAYA